Recopilación de leyes por orden numérico, con índices por número, ministerios y materias
Saved in:
| Institution som forfatter: | |
|---|---|
| Format: | Bog |
| Sprog: | spansk |
| Udgivet: |
Santiago
Nascimento
1944
|
| Fag: | |
| Tags: |
Tilføj Tag
Ingen Tags, Vær først til at tagge denne postø!
|
MARC
| LEADER | 00000nam a2200000 a 4500 | ||
|---|---|---|---|
| 001 | UCR0918 | ||
| 003 | CL-VaPUC | ||
| 008 | 971205e19440000CL |||||||||||||||||spa|d | ||
| 082 | 0 | 4 | |a 348.022 |b CON |2 21 |
| 110 | 2 | |a Contraloría General de la República |e author |9 397542 | |
| 245 | 1 | 0 | |a Recopilación de leyes por orden numérico, con índices por número, ministerios y materias |
| 300 | |a t | ||
| 942 | |c BK | ||
| 945 | |d 19971205 00:00:00 |a lriquelm | ||
| 260 | |a Santiago |b Nascimento |c 1944 | ||
| 500 | |a Desde la ley N§ 7.177, de 30 de Mayo de 1942, a la 7.419, de 19 de Mayo de 1943 | ||
| 650 | 7 | |a LEGISLACION |2 CL-VaPUC |9 397543 | |
| 650 | 7 | |a FUENTES |2 CL-VaPUC |9 255666 | |
| 650 | 7 | |a DERECHO CHILENO |2 CL-VaPUC |9 397544 | |
| 650 | 0 | |a Leyes |9 256670 | |
| 651 | 7 | |a CHILE |2 CL-VaPUC |9 397545 | |
| 583 | |a last modification |c 19971205 00:00:00 |k Rodrigo Vera | ||
| 999 | |c 264416 |d 264414 | ||
| 952 | |0 0 |1 0 |4 0 |6 348_022000000000000_CON_1944 |7 0 |8 F |9 294687 |a BIBDER |b BIBDER |d 2019-11-19 |h t.29 |i 1910752 |o 348.022 CON 1944 |p 1910752 |r 2023-01-25 |w 2019-11-19 |y BK_F |k DER | ||
| 952 | |0 0 |1 0 |4 0 |6 348_022000000000000_CON_1944 |7 0 |8 X |9 294690 |a BIBHIS |b BIBHIS |d 2019-11-19 |h t.29 |i 2129736 |o 348.022 CON 1944 |p 2129736 |r 2024-01-30 |w 2019-11-19 |y BK_X |k HIS | ||